[Event "50th World Juniors"]
[Site "Chennai IND"]
[Date "2011.08.05"]
[Round "4.1"]
[White "Salgado Lopez, Ivan"]
[Black "Piorun, Kacper"]
[Result "1/2-1/2"]
[WhiteTitle "GM"]
[BlackTitle "IM"]
[WhiteElo "2626"]
[BlackElo "2514"]
[WhiteFideId "2257327"]
[BlackFideId "1130420"]
[EventDate "2011.08.02"]

1. e4 c6 2. d4 d5 3. e5 Bf5 4. Nf3 e6 5. Be2 Ne7 6. O-O c5 7. c4 Nbc6 8. dxc5 d4
9. Qb3 Qd7 10. Rd1 Ng6 11. Be3 Bxc5 12. Qb5 b6 13. Nxd4 Bxd4 14. Bxd4 O-O-O 15.
Nc3 Nxd4 16. Rxd4 Qxb5 17. Nxb5 Rxd4 18. Nxd4 Nxe5 19. f4 Nd7 20. g4 Be4 21. Nb5
Kb8 22. Nd6 Bc6 23. Nxf7 Rf8 24. Ne5 Nxe5 25. fxe5 g5 26. Rf1 Rxf1+ 27. Kxf1 Kc7
28. Kf2 h6 29. Ke3 Bd7 30. Bd3 Kb7 31. Be4+ Kc7 32. Kd4 Be8 33. Kc3 Bd7 34. b3
Be8 35. Kb4 Bd7 36. Ka3 Be8 37. b4 Bd7 38. Kb3 Be8 39. Kc3 Bd7 40. Kb2 Be8 41.
Kb3 Bd7 42. b5 Kb8 43. Kb4 Kc7 44. a4 Be8 45. c5 Bf7 46. a5 Be8 47. Bd3 Kb7 48.
Bh7 Bf7 49. Be4+ Kc7 50. Bd3 Be8 51. Bc4 Bf7 52. Kc3 Bg8 53. Kb4 Bf7 54. Bb3 Kb7
55. Bd1 Bg6 56. Bf3+ Kc7 57. Bc6 Bf7 58. axb6+ axb6 59. Kc4 Bg6 60. Kd4 Bf7 61.
Bf3 Be8 62. Be2 Bf7 63. Bc4 Kb7 64. cxb6 Kxb6 65. Ke3 Kc5 66. Kf2 Bg8 67. Kg3
Bf7 68. h4 Be8 69. Bxe6 Bxb5 70. hxg5 hxg5 71. Bf7 Bc6 72. Kf2 Bd5 73. e6 Kd6
74. Ke3 Bxe6 75. Bxe6 Kxe6 76. Ke4 Ke7 77. Ke5 Kf7 78. Kf5 Kf8 79. Kxg5 Kg7 1/2-1/2

[Event "50th World Juniors"]
[Site "Chennai IND"]
[Date "2011.08.05"]
[Round "4.2"]
[White "Nabaty, Tamir"]
[Black "Rombaldoni, Axel"]
[Result "0-1"]
[WhiteTitle "GM"]
[BlackTitle "IM"]
[WhiteElo "2584"]
[BlackElo "2459"]
[WhiteFideId "2809052"]
[BlackFideId "815837"]
[EventDate "2011.08.02"]

1. Nf3 Nf6 2. c4 e6 3. g3 d5 4. Bg2 Be7 5. O-O O-O 6. d4 b6 7. Nc3 Bb7 8. cxd5
exd5 9. Bf4 Nh5 10. Ne5 Nxf4 11. gxf4 c6 12. Rc1 Nd7 13. e3 f6 14. Nxc6 Bxc6 15.
Nxd5 Bxd5 16. Bxd5+ Kh8 17. Bxa8 Qxa8 18. Rc7 Rd8 19. Qg4 Qd5 20. e4 f5 21. exd5
fxg4 22. Rxa7 Kg8 23. Re1 Bd6 24. Rb7 Nf6 25. Rxb6 Nxd5 26. Rb7 Nxf4 27. a4 h5
28. a5 Rf8 29. Kf1 Nd3 30. Re2 Bxh2 31. Rb3 Nc1 32. Ra3 Nxe2 33. Kxe2 Bd6 34.
Ra1 h4 35. a6 h3 36. Kd3 Bb8 37. Ke3 Rf3+ 38. Ke2 Rb3 39. a7 Bxa7 40. Rxa7 Rxb2+
41. Ke3 Rb1 42. Ra8+ Kh7 43. Ra5 Kg6 44. Ra6+ 0-1

[Event "50th World Juniors"]
[Site "Chennai IND"]
[Date "2011.08.05"]
[Round "4.3"]
[White "Robson, Ray"]
[Black "Goganov, Aleksey"]
[Result "0-1"]
[WhiteTitle "GM"]
[BlackTitle "IM"]
[WhiteElo "2560"]
[BlackElo "2489"]
[WhiteFideId "2023970"]
[BlackFideId "24109959"]
[EventDate "2011.08.02"]

1. e4 e6 2. d4 d5 3. Nc3 Nf6 4. Bg5 dxe4 5. Nxe4 Nbd7 6. Nf3 h6 7. Nxf6+ Nxf6 8.
Be3 Nd5 9. Bd2 c5 10. Bb5+ Bd7 11. Bxd7+ Qxd7 12. c4 Nb6 13. Rc1 Be7 14. dxc5
Bxc5 15. b4 Be7 16. c5 Nd5 17. Ne5 Qc7 18. Qa4+ Kf8 19. Nd3 h5 20. O-O h4 21. h3
Rh5 22. b5 Rf5 23. Rfd1 Kg8 24. Qc4 a6 25. a4 axb5 26. axb5 Ra3 27. Nb4 Nf4 28.
b6 Qxc5 29. Bxf4 Qxb4 30. Qxb4 Bxb4 31. Rc4 Bc5 32. Be3 Bxe3 33. fxe3 g5 34. e4
Rb5 35. Rc8+ Kg7 36. Rc7 Kg6 37. Rf1 f6 38. Rxb7 Ra2 39. Kh1 Rab2 40. Kg1 Rxb6
41. Rxb6 Rxb6 42. Kf2 Rb2+ 43. Kf3 Rb3+ 44. Ke2 Rg3 45. Kf2 g4 46. hxg4 Rxg4 47.
Kf3 Kg5 48. Ra1 Rf4+ 49. Ke3 Kg4 50. Ra8 Kg3 51. Rg8+ Rg4 52. Rf8 Kxg2 53. Rxf6
h3 54. Rxe6 h2 55. Rh6 Rg3+ 56. Kf4 Rh3 57. Rg6+ Kf2 58. Ra6 Rh4+ 0-1

[Event "50th World Juniors"]
[Site "Chennai IND"]
[Date "2011.08.05"]
[Round "4.4"]
[White "Roganovic, Milos"]
[Black "Ter-Sahakyan, Samvel"]
[Result "1/2-1/2"]
[WhiteTitle "IM"]
[BlackTitle "GM"]
[WhiteElo "2476"]
[BlackElo "2558"]
[WhiteFideId "937614"]
[BlackFideId "13302531"]
[EventDate "2011.08.02"]

1. e4 c5 2. Nf3 d6 3. d4 cxd4 4. Nxd4 Nf6 5. Nc3 a6 6. Bg5 Nbd7 7. Bc4 Qb6 8.
Bb3 e6 9. Qd2 Be7 10. O-O-O Nc5 11. f3 Qc7 12. Nde2 b5 13. Bf4 e5 14. Be3 Nxb3+
15. axb3 Be6 16. Bg5 b4 17. Nd5 Nxd5 18. exd5 Bxg5 19. Qxg5 f6 20. Qh4 Bf5 21.
Qc4 Qb6 22. Qc6+ Qxc6 23. dxc6 Ke7 24. Rhe1 Be6 25. Rd4 a5 26. Nf4 Rhc8 27. Nxe6
Kxe6 28. c4 Rxc6 29. Rd5 a4 30. Kc2 Rac8 31. Red1 axb3+ 32. Kxb3 Rxc4 33. Rxd6+
Kf5 34. Rd7 R8c7 35. R1d2 Rxd7 36. Rxd7 Rh4 37. Rxg7 Rxh2 38. Kxb4 h5 39. Kc5 h4
40. b4 h3 41. gxh3 Rxh3 42. b5 Rxf3 43. b6 Rb3 44. b7 e4 45. Kc6 e3 46. Rg8 Kf4
47. b8=Q+ Rxb8 48. Rxb8 Kf3 49. Kd5 Kf2 50. Rb2+ 1/2-1/2

[Event "50th World Juniors"]
[Site "Chennai IND"]
[Date "2011.08.05"]
[Round "4.5"]
[White "Urkedal, Frode"]
[Black "Swiercz, Dariusz"]
[Result "1/2-1/2"]
[WhiteTitle "IM"]
[BlackTitle "GM"]
[WhiteElo "2448"]
[BlackElo "2553"]
[WhiteFideId "1506102"]
[BlackFideId "1126881"]
[EventDate "2011.08.02"]

1. d4 Nf6 2. c4 e6 3. Nc3 Bb4 4. e3 O-O 5. Ne2 d5 6. a3 Be7 7. cxd5 exd5 8. h3
Re8 9. g4 c6 10. Bg2 h6 11. O-O a5 12. Qc2 Na6 13. Bd2 Nc7 14. Nf4 Ne6 15. Nxe6
Bxe6 16. Na4 h5 17. f3 hxg4 18. hxg4 Nd7 19. b4 axb4 20. axb4 Bd6 21. Nc5 Qh4
22. Rfb1 Rxa1 23. Rxa1 Nxc5 24. bxc5 Bh2+ 25. Kf1 Qf6 26. Ke2 Bg3 27. Kd3 g6 28.
Qb2 Bc8 29. Ra3 Qh4 30. Qa1 Bc7 31. Qh1 Qe7 32. Qh6 b6 33. Ra1 bxc5 34. Rh1 Qf6
35. Qh7+ Kf8 36. Qh8+ Qxh8 37. Rxh8+ Ke7 38. Rxe8+ Kxe8 39. dxc5 Ba6+ 40. Kc2
Ke7 41. Bc3 g5 42. Kd2 Ke6 43. Ke1 Bg3+ 44. Kd2 Bb5 45. Bd4 f6 46. Bc3 Be5 47.
Bd4 Kd7 48. Kc3 Be2 49. Kd2 Bxd4 50. exd4 Bc4 51. Ke3 Kc7 52. f4 Kb7 53. fxg5
fxg5 54. Bf3 Ka6 55. Bd1 Ka5 56. Bc2 Kb4 1/2-1/2

[Event "50th World Juniors"]
[Site "Chennai IND"]
[Date "2011.08.05"]
[Round "4.6"]
[White "Rasulov, Vugar Ural oglu"]
[Black "Kovalev, Vladislav"]
[Result "1/2-1/2"]
[WhiteTitle "GM"]
[BlackTitle "FM"]
[WhiteElo "2522"]
[BlackElo "2439"]
[WhiteFideId "13402390"]
[BlackFideId "13504398"]
[EventDate "2011.08.02"]

1. e4 e5 2. Nf3 Nc6 3. d4 exd4 4. Nxd4 Qf6 5. Nb5 Bc5 6. Qd2 Bb6 7. N1c3 Nge7 8.
Qf4 Qxf4 9. Bxf4 d6 10. Bg3 Ba5 11. Na3 f5 12. O-O-O Bxc3 13. bxc3 Be6 14. exf5
Nxf5 15. Re1 Kd7 16. Bf4 Rhf8 17. c4 Nfd4 18. Be3 Nf5 19. Bd2 b6 20. f4 h5 21.
Bd3 Rae8 22. Bc3 g6 23. g3 Bf7 24. Nb1 Rxe1+ 25. Rxe1 Re8 26. Rxe8 Kxe8 27. Nd2
Ncd4 28. Ne4 Ke7 29. Ng5 Be8 30. Be1 Ne6 31. Ne4 Nc5 32. Nxc5 bxc5 33. Ba5 Nd4
34. a3 Bf7 35. Kd1 c6 36. Bc3 Nf5 37. Ke2 d5 38. cxd5 cxd5 39. Kf2 Nd6 40. Bg7
Nc4 41. a4 Be8 42. Bc3 a5 1/2-1/2

[Event "50th World Juniors"]
[Site "Chennai IND"]
[Date "2011.08.05"]
[Round "4.7"]
[White "Martinovic, Sasa"]
[Black "Stany, G.A."]
[Result "1/2-1/2"]
[WhiteTitle "GM"]
[WhiteElo "2521"]
[BlackElo "2435"]
[WhiteFideId "14509792"]
[BlackFideId "5029104"]
[EventDate "2011.08.02"]

1. d4 Nf6 2. c4 e6 3. Nc3 Bb4 4. Bg5 h6 5. Bh4 c5 6. d5 d6 7. e3 exd5 8. cxd5
Nbd7 9. Bd3 Qa5 10. Ne2 Nxd5 11. O-O Bxc3 12. bxc3 Nxc3 13. Nxc3 Qxc3 14. Be2
O-O 15. Be7 Re8 16. Qxd6 c4 17. Rfc1 Qe5 18. Qxe5 Nxe5 19. Bd6 Bf5 20. Bxe5 Rxe5
21. Rxc4 Rd8 22. Rc7 Rd7 23. Rac1 Ra5 24. Rxd7 Bxd7 25. Bc4 Kf8 26. Bb3 Bc6 27.
f3 Ke7 28. Kf2 Ra3 29. Rc2 a5 30. Ke2 Bb5+ 31. Kf2 Bc6 32. Ke2 Bb5+ 33. Kf2 1/2-1/2

[Event "50th World Juniors"]
[Site "Chennai IND"]
[Date "2011.08.05"]
[Round "4.8"]
[White "Huschenbeth, Niclas"]
[Black "Getz, Nicolai"]
[Result "1-0"]
[WhiteTitle "IM"]
[BlackTitle "FM"]
[WhiteElo "2521"]
[BlackElo "2385"]
[WhiteFideId "24604747"]
[BlackFideId "1505572"]
[EventDate "2011.08.02"]

1. e4 e5 2. Nf3 Nc6 3. Bc4 Nf6 4. Ng5 d5 5. exd5 Na5 6. Bb5+ c6 7. dxc6 bxc6 8.
Bd3 Nd5 9. Nf3 Nb4 10. O-O Nxd3 11. cxd3 f6 12. d4 exd4 13. Re1+ Kf7 14. d3 Rb8
15. Bd2 Bb4 16. Bxb4 Rxb4 17. Qd2 Rb5 18. b4 Nb7 19. Na3 Rd5 20. Rac1 Bg4 21.
Qf4 Bxf3 22. Qxf3 Re8 23. g3 a6 24. Nc4 Kg8 25. a4 Rxe1+ 26. Rxe1 a5 27. Qe4
axb4 28. Qe6+ Kf8 29. Qxc6 Na5 30. Nxa5 Rxa5 31. Rb1 Qe7 32. Qc8+ Kf7 33. Qc4+
Kg6 34. Rxb4 Qe1+ 35. Kg2 Rf5 36. Rb2 Qc3 37. Rc2 Qa1 38. Ra2 Qc3 39. Rc2 Qa1
40. Qa2 Qd1 41. Rd2 Qf3+ 42. Kg1 Rc5 43. Qa1 Rc3 44. a5 Qc6 45. Rd1 Qc5 46. Re1
Ra3 47. Qd1 h5 48. Qf3 Qf5 49. Qxf5+ Kxf5 50. Kg2 Rxa5 51. Re4 Ra4 52. Kf3 Kg6
53. h3 Kf7 54. Re2 Ra5 55. Rb2 g5 56. Ke4 Ra4 57. Kf5 Ra5+ 58. Ke4 Ra4 59. f4
gxf4 60. gxf4 Ra1 61. f5 Rh1 62. Rb7+ Kg8 63. Kxd4 Rxh3 64. Kc5 Re3 65. d4 h4
66. Kc6 h3 67. Rb2 Rd3 68. d5 Kg7 69. d6 Kh6 70. d7 Rc3+ 71. Kd6 Rd3+ 72. Ke6
Kg5 73. Rb3 Rxb3 74. d8=Q Re3+ 75. Kf7 Kxf5 76. Qd7+ Kf4 77. Kxf6 Kg3 78. Qd6+
Kg2 79. Qd2+ Kf3 80. Kg5 Re4 81. Qh2 Rg4+ 82. Kf6 Rf4+ 83. Ke5 Re4+ 84. Kf5 Rh4
85. Qh1+ Kf2 86. Kg5 Rh8 87. Qh2+ Kf1 88. Qf4+ Kg2 89. Qe4+ Kf1 90. Qb1+ Kg2 91.
Qb2+ Kg1 92. Qxh8 h2 93. Qd4+ Kg2 94. Qe4+ Kg1 95. Qe1+ Kg2 96. Qe2+ Kg1 97. Kg4 1-0

[Event "50th World Juniors"]
[Site "Chennai IND"]
[Date "2011.08.05"]
[Round "4.11"]
[White "Sjugirov, Sanan"]
[Black "Kuchynka, Lukas"]
[Result "1-0"]
[WhiteTitle "GM"]
[BlackTitle "FM"]
[WhiteElo "2629"]
[BlackElo "2339"]
[WhiteFideId "4189302"]
[BlackFideId "325058"]
[EventDate "2011.08.02"]

1. e4 b6 2. d4 Bb7 3. Bd3 Nf6 4. Qe2 Nc6 5. c3 e5 6. Nf3 exd4 7. O-O Qe7 8. cxd4
Nb4 9. d5 Nfxd5 10. Bc4 b5 11. Bxb5 Nb6 12. Nc3 c6 13. a3 cxb5 14. axb4 a6 15.
Be3 Nc4 16. Bc5 d6 17. Bd4 f6 18. Nh4 Ne5 19. Nd5 Bxd5 20. exd5 Kf7 21. Rfe1 Re8
22. f4 Ng6 23. Qh5 Qxe1+ 24. Rxe1 Rxe1+ 25. Kf2 Re4 26. Be3 Kg8 27. Qf5 Re8 28.
Nf3 Be7 29. Qe6+ Kf8 30. h4 Rg8 31. Qf5 1-0

[Event "50th World Juniors"]
[Site "Chennai IND"]
[Date "2011.08.05"]
[Round "4.12"]
[White "Matlakov, Maxim"]
[Black "Priyadharshan, K."]
[Result "1/2-1/2"]
[WhiteTitle "GM"]
[BlackTitle "IM"]
[WhiteElo "2632"]
[BlackElo "2376"]
[WhiteFideId "4168003"]
[BlackFideId "5018293"]
[EventDate "2011.08.02"]

1. d4 d5 2. Nf3 Nf6 3. c4 dxc4 4. Qa4+ Nc6 5. Qxc4 Qd5 6. Qa4 e5 7. Nc3 Bb4 8.
Bd2 Bxc3 9. bxc3 exd4 10. cxd4 Bg4 11. Ne5 b5 12. Qb3 Qxb3 13. axb3 Nxd4 14. Ra6
Bc8 15. Ra2 Nxb3 16. e3 O-O 17. Bxb5 Nxd2 18. Bc6 Be6 19. Rxd2 Rad8 20. Rxd8
Rxd8 21. Ke2 Ng4 22. Nxg4 Bxg4+ 23. f3 Be6 24. Rb1 g6 25. Rb7 Bc4+ 26. Ke1 Rd3
27. e4 Re3+ 28. Kf2 Re2+ 29. Kg1 Re1+ 30. Kf2 Re2+ 31. Kg1 Re1+ 1/2-1/2

[Event "50th World Juniors"]
[Site "Chennai IND"]
[Date "2011.08.05"]
[Round "4.16"]
[White "Udeshi, Aditya"]
[Black "Sethuraman, S.P."]
[Result "0-1"]
[BlackTitle "GM"]
[WhiteElo "2378"]
[BlackElo "2529"]
[WhiteFideId "5021740"]
[BlackFideId "5021596"]
[EventDate "2011.08.02"]

1. e4 c5 2. Nf3 d6 3. d4 cxd4 4. Nxd4 Nf6 5. Nc3 e6 6. Be3 a6 7. g4 h6 8. f3 b5
9. Qd2 Nbd7 10. O-O-O b4 11. Na4 Ne5 12. Qxb4 Bd7 13. Nc3 Qc7 14. Nb1 d5 15. Qd2
dxe4 16. Bf4 exf3 17. Nc3 Bc5 18. Kb1 O-O 19. Re1 Bd6 20. Bg3 Rab8 21. Nb3 Bc6
22. Bxa6 f2 23. Bxf2 Bxh1 24. Rxh1 Qc6 25. Rd1 Bb4 26. Rh1 Nd3 27. cxd3 Qf3 28.
Bg3 Nd5 29. Rc1 Rbd8 30. d4 Rc8 31. Be1 Qxg4 32. Qd3 Rfd8 33. Bd2 e5 34. Ka1
Nxc3 35. bxc3 Ba3 36. h3 Qg2 37. Rf1 exd4 38. cxd4 Be7 39. Kb1 Bg5 40. Ba5 Re8
41. Qf5 Bf6 42. Rf2 Qh1+ 43. Rf1 Qg2 44. Rf2 Qb7 45. Qd3 Bg5 46. Qf3 Qxf3 47.
Rxf3 Re2 48. d5 Be7 49. Bc3 Bd6 50. a4 Be5 51. Bxe5 Rxe5 52. Rd3 Kf8 53. d6 Ra8
54. Kb2 Ke8 55. Ka3 Kd7 56. Kb4 Rb8+ 57. Kc3 Rc8+ 58. Kb4 Rc6 59. Nd2 Re6 60.
Nc4 Re4 61. Rc3 Rexc4+ 62. Rxc4 Rxc4+ 63. Kxc4 Kxd6 64. Kd3 f5 65. a5 g5 0-1

[Event "50th World Juniors"]
[Site "Chennai IND"]
[Date "2011.08.05"]
[Round "4.17"]
[White "Artemenko, Oleg"]
[Black "Durarbeyli, Vasif"]
[Result "0-1"]
[BlackTitle "GM"]
[WhiteElo "2341"]
[BlackElo "2515"]
[WhiteFideId "14201798"]
[BlackFideId "13402935"]
[EventDate "2011.08.02"]

1. d4 Nf6 2. c4 c5 3. d5 g6 4. Nc3 Bg7 5. e4 O-O 6. Be2 d6 7. Bg5 Na6 8. Qd2 Nc7
9. Nf3 Bg4 10. O-O a6 11. a4 Rb8 12. Ne1 Bxe2 13. Qxe2 Nd7 14. Nd3 Nb6 15. e5 f6
16. exd6 exd6 17. Bh4 Qd7 18. Bg3 Rbe8 19. Qc2 Nxc4 20. Qb3 Nd2 21. Qxb7 Nxf1
22. Rxf1 Rf7 23. Qb6 Bf8 24. b4 Qf5 25. Nf4 Qc2 26. Nb1 cxb4 27. Qxb4 g5 28. Nh3
Re4 29. Qb8 Qxa4 30. Bxd6 Re8 31. Qb6 Nxd5 32. Qc5 Bxd6 33. Qxd5 Be5 0-1

[Event "50th World Juniors"]
[Site "Chennai IND"]
[Date "2011.08.05"]
[Round "4.18"]
[White "Pap, Gyula"]
[Black "Krishna, C.R.G."]
[Result "1-0"]
[WhiteTitle "GM"]
[WhiteElo "2513"]
[BlackElo "2330"]
[WhiteFideId "725323"]
[BlackFideId "5018625"]
[EventDate "2011.08.02"]

1. d4 d5 2. c4 c6 3. Nc3 Nf6 4. cxd5 cxd5 5. Bf4 Nc6 6. e3 Bf5 7. Rc1 a6 8. Nf3
e6 9. Be2 Bd6 10. Bxd6 Qxd6 11. O-O O-O 12. Na4 Rac8 13. Nc5 Rc7 14. Qb3 Qe7 15.
Qb6 Rfc8 16. Rc3 Ne4 17. Nxe4 dxe4 18. Nd2 Nb4 19. Rfc1 Nd5 20. Rxc7 Rxc7 21.
Rxc7 Qxc7 22. Qxc7 Nxc7 23. a4 Bg6 24. a5 f5 25. f3 Nd5 26. fxe4 Nxe3 27. Kf2
Nc2 28. exf5 Bxf5 29. Bf3 Nxd4 30. Bxb7 Bc2 31. Bxa6 Nc6 32. Nc4 Bd3 33. Ke3
Bxc4 34. Bxc4 Nxa5 35. Bxe6+ Kf8 36. Bd5 1-0

[Event "50th World Juniors"]
[Site "Chennai IND"]
[Date "2011.08.05"]
[Round "4.21"]
[White "Anwesh, Upadhyaya"]
[Black "Shreyansh, Daklia"]
[Result "1-0"]
[WhiteTitle "IM"]
[WhiteElo "2429"]
[BlackElo "2298"]
[WhiteFideId "5028949"]
[BlackFideId "5029139"]
[EventDate "2011.08.02"]

1. c4 Nf6 2. g3 e5 3. Bg2 Nc6 4. Nc3 g6 5. d3 Bg7 6. e4 d6 7. Nge2 Be6 8. Nd5
O-O 9. Bg5 Nb8 10. Qd2 Nbd7 11. O-O c6 12. Ndc3 Qb8 13. h3 b5 14. cxb5 cxb5 15.
d4 Bc4 16. b3 Bxe2 17. Nxe2 Re8 18. dxe5 dxe5 19. Nc3 Nc5 20. Be3 Ne6 21. Nd5
Qb7 22. Qa5 Nd7 23. Rac1 Nb8 24. Nc7 Nc6 25. Rxc6 Qxc6 26. Rc1 Qd7 27. Nxe8 Qxe8
28. Bf1 a6 29. a4 bxa4 30. Qxa4 Qd8 31. Bc4 Nd4 32. Kg2 Qf6 33. Bxd4 exd4 34.
Bd5 Rf8 35. Rc6 Qg5 36. Qxa6 Qd2 37. Rc7 Be5 38. Rd7 Qg5 39. Qd3 h5 40. Qf3 Bf6
41. h4 Qe5 42. b4 Kg7 43. b5 Qb8 44. Qb3 Qb6 45. Rb7 Qc5 46. b6 Bd8 47. Qf3 1-0

[Event "50th World Juniors"]
[Site "Chennai IND"]
[Date "2011.08.05"]
[Round "4.22"]
[White "Girish, A. Koushik"]
[Black "Ramnath, Bhuvanesh R"]
[Result "1-0"]
[WhiteTitle "FM"]
[BlackTitle "IM"]
[WhiteElo "2309"]
[BlackElo "2422"]
[WhiteFideId "5038448"]
[BlackFideId "5026598"]
[EventDate "2011.08.02"]

1. d4 Nf6 2. Nf3 g6 3. c4 Bg7 4. Nc3 O-O 5. e4 d6 6. h3 e5 7. dxe5 dxe5 8. Be3
Nbd7 9. c5 c6 10. a3 Qe7 11. b4 b6 12. cxb6 axb6 13. Bc4 Bb7 14. O-O c5 15. Qb3
Nxe4 16. Nxe4 Bxe4 17. Ng5 Bc6 18. b5 Bb7 19. Rad1 Rad8 20. Rd2 h6 21. Nxf7 Rxf7
22. Rfd1 Bc8 23. Rd6 Rf8 24. Re6 Qd8 25. Rxg6 Qe7 26. Re6 Qd8 27. Rc6 Bb7 28.
Rcd6 Bc8 29. Be6 Qe8 30. Rxd7 Bxd7 31. Rxd7 h5 32. a4 1-0

[Event "50th World Juniors"]
[Site "Chennai IND"]
[Date "2011.08.05"]
[Round "4.23"]
[White "Akash Pc, Iyer"]
[Black "Shyam, Nikil P."]
[Result "0-1"]
[BlackTitle "IM"]
[WhiteElo "2069"]
[BlackElo "2398"]
[WhiteFideId "5006775"]
[BlackFideId "5024218"]
[EventDate "2011.08.02"]

1. e4 c5 2. Nf3 d6 3. d3 Nc6 4. g3 g6 5. Bg2 Bg7 6. O-O e5 7. c3 Nf6 8. a3 a5 9.
a4 O-O 10. Na3 d5 11. Qe2 d4 12. Nc4 Ne8 13. cxd4 cxd4 14. Bd2 Nd6 15. Nxd6 Qxd6
16. Ne1 Nb4 17. f4 Bd7 18. Nf3 f6 19. Bxb4 Qxb4 20. f5 Bh6 21. fxg6 hxg6 22. Nh4
Kg7 23. Bf3 Qd2 24. Qxd2 Bxd2 25. Ng2 Rfc8 26. Bd1 Be6 27. Rf2 Bh6 28. Rc2 Rxc2
29. Bxc2 Rc8 30. Bd1 Bc1 31. Ne1 Rc7 32. Nc2 Bxb2 33. Rb1 Bc3 34. Na3 Bb4 35.
Nb5 Rc8 36. Kg2 b6 37. Kg1 Rc5 38. Kf2 Bd7 39. Bb3 Bxb5 40. axb5 Rxb5 41. h4 Rc5
42. g4 Rc3 43. Ke2 Kh6 44. Bc4 Rc2+ 45. Kf3 Bc5 46. Rh1 Rb2 47. h5 b5 48. Bf7
gxh5 49. gxh5 Rd2 50. Rg1 Rxd3+ 51. Kg4 f5+ 52. Kxf5 Rf3+ 53. Ke6 d3 54. Rg6+
Kh7 55. Bg8+ Kh8 56. Bf7 d2 0-1

[Event "50th World Juniors"]
[Site "Chennai IND"]
[Date "2011.08.05"]
[Round "4.26"]
[White "Bukhalaf, Khalil"]
[Black "Swayams, Mishra"]
[Result "0-1"]
[WhiteElo "2004"]
[BlackElo "2378"]
[WhiteFideId "11200596"]
[BlackFideId "5028183"]
[EventDate "2011.08.02"]

1. g3 d5 2. c4 d4 3. Nf3 c5 4. Bg2 Nc6 5. O-O e5 6. d3 Be7 7. e3 Nf6 8. exd4
exd4 9. Bf4 O-O 10. Ne5 Nxe5 11. Bxe5 Bd6 12. Bxf6 Qxf6 13. f4 Bf5 14. Be4 Bxe4
15. dxe4 Bc7 16. Qd3 Ba5 17. Nd2 Bxd2 18. Qxd2 Rfe8 19. Qd3 Re7 20. Rf2 Rae8 21.
Re1 Qg6 22. Rfe2 h5 23. b3 h4 24. Kf2 Qh5 25. Qf3 hxg3+ 26. hxg3 Qxf3+ 27. Kxf3
f6 28. Rh2 a6 29. Rh5 b6 30. Rd5 Kf7 31. a3 a5 32. b4 axb4 33. axb4 cxb4 34.
Rxd4 Ra8 35. Rb1 Ra3+ 36. Kf2 Ra2+ 37. Ke3 Ra3+ 38. Rd3 Rd7 39. Rxa3 bxa3 40.
Rxb6 Ra7 41. Rb1 a2 42. Ra1 Ke6 43. Kd4 Kd6 44. e5+ fxe5+ 45. fxe5+ Ke6 46. c5
Ra4+ 47. Kc3 Kxe5 48. Kb3 Ra5 49. c6 Kd6 50. Kb4 Ra8 51. Kb5 Kc7 52. Kc5 Ra5+
53. Kb4 Ra6 54. Kb5 Rb6+ 55. Ka5 Rb8 56. Ka4 Kxc6 57. Ka3 Ra8+ 58. Kb2 Kb5 59.
g4 g5 60. Kc3 Kc5 61. Kd3 Kd5 62. Ke3 Ra3+ 63. Ke2 Ke4 64. Kf2 Kd3 65. Kf3 Ra4 0-1

[Event "50th World Juniors"]
[Site "Chennai IND"]
[Date "2011.08.05"]
[Round "4.28"]
[White "Cori, Jorge"]
[Black "Ashwath, R."]
[Result "1-0"]
[WhiteTitle "GM"]
[WhiteElo "2514"]
[BlackElo "2259"]
[WhiteFideId "3802272"]
[BlackFideId "5021049"]
[EventDate "2011.08.02"]

1. d4 Nf6 2. c4 e6 3. g3 d5 4. Nf3 dxc4 5. Bg2 Bd7 6. Ne5 Bc6 7. Nxc6 Nxc6 8. e3
Qd7 9. O-O O-O-O 10. Qa4 h5 11. Nc3 Nd5 12. Qxc4 h4 13. Bd2 f5 14. Qe2 hxg3 15.
fxg3 g5 16. Nxd5 exd5 17. Qf2 f4 18. exf4 g4 19. Rae1 Qh7 20. h4 gxh3 21. Bf3
Qd3 22. Bc3 Bg7 23. Rd1 Qf5 24. Kh2 Kb8 25. Rde1 Qd3 26. Rd1 Qf5 27. Qd2 Bh6 28.
Rde1 Rhg8 29. Qe3 Rg6 30. Bd1 Rf8 31. Rf2 Rgf6 32. Qf3 Qd7 33. Qg4 Qd6 34. Ref1
Ne7 35. Bc2 R6f7 36. a3 Qb6 37. Re1 Ng8 38. Qe6 Nf6 39. Rfe2 Qxe6 40. Rxe6 Rh8
41. Bg6 Rff8 42. Bb4 Bg7 43. Bxf8 Ng4+ 44. Kh1 1-0

[Event "50th World Juniors"]
[Site "Chennai IND"]
[Date "2011.08.05"]
[Round "4.31"]
[White "Krysa, Leandro"]
[Black "Patil, Pratik"]
[Result "0-1"]
[WhiteTitle "FM"]
[WhiteElo "2374"]
[BlackElo "2141"]
[WhiteFideId "116807"]
[BlackFideId "5038758"]
[EventDate "2011.08.02"]

1. d4 d5 2. c4 c6 3. Nc3 Nf6 4. e3 a6 5. Qc2 b5 6. b3 g6 7. Bd3 Bg7 8. Nf3 O-O
9. O-O Nbd7 10. Bb2 Bb7 11. h3 bxc4 12. bxc4 c5 13. Ne5 cxd4 14. exd4 Nxe5 15.
dxe5 Nd7 16. cxd5 Nxe5 17. Rad1 Rc8 18. Be2 Qb6 19. Ba1 Rc7 20. Qa4 Rfc8 21. Rb1
Qd6 22. Rfd1 f5 23. Qb4 Nf7 24. Qb3 Ba8 25. Na4 Rb7 26. Qd3 Rxb1 27. Rxb1 Qxd5
28. Bxg7 Qxg2# 0-1

[Event "50th World Juniors"]
[Site "Chennai IND"]
[Date "2011.08.05"]
[Round "4.32"]
[White "Gusain, Himal"]
[Black "Firat, Burak"]
[Result "0-1"]
[BlackTitle "IM"]
[WhiteElo "2208"]
[BlackElo "2373"]
[WhiteFideId "5033861"]
[BlackFideId "6305881"]
[EventDate "2011.08.02"]

1. e4 e6 2. d4 d5 3. Nc3 Nf6 4. e5 Nfd7 5. f4 c5 6. Nf3 Nc6 7. Be3 Be7 8. Qd2
O-O 9. O-O-O c4 10. f5 b5 11. fxe6 fxe6 12. Nxb5 Rb8 13. Nd6 Bxd6 14. exd6 Nf6
15. c3 Qa5 16. a3 Bd7 17. Qc2 Rb7 18. Ne5 Nxe5 19. dxe5 Ba4 20. Qb1 Bxd1 21.
exf6 Bh5 22. fxg7 Rfb8 23. b4 Qxa3+ 24. Qb2 Qa4 25. Be2 Bxe2 26. Qxe2 Qa1+ 27.
Kc2 Qxh1 28. Bh6 Re8 29. Qf3 Rf7 30. d7 Rd8 31. Qd1 0-1

[Event "50th World Juniors"]
[Site "Chennai IND"]
[Date "2011.08.05"]
[Round "4.34"]
[White "Visakh, NR"]
[Black "Valsecchi, Alessio"]
[Result "0-1"]
[BlackTitle "FM"]
[WhiteElo "2042"]
[BlackElo "2354"]
[WhiteFideId "25012223"]
[BlackFideId "818860"]
[EventDate "2011.08.02"]

1. e4 e5 2. Nf3 Nc6 3. Bb5 Nge7 4. O-O Ng6 5. c3 a6 6. Ba4 d6 7. d4 Bd7 8. dxe5
Ncxe5 9. Nxe5 dxe5 10. Bg5 Bxa4 11. Qxa4+ Qd7 12. Qb3 Bd6 13. Nd2 O-O 14. Qxb7
Rab8 15. Qxa6 Qg4 16. Nf3 Qxe4 17. Rfe1 Qf5 18. Qe2 Rfe8 19. Be3 e4 20. Nd4 Qd7
21. b4 f5 22. Qc4+ Kh8 23. Nc6 Ra8 24. Rad1 f4 25. Bc1 f3 26. Rd4 Qg4 27. g3
Rxa2 28. Rdxe4 Rxe4 29. Qxe4 Qxe4 30. Rxe4 Rc2 31. Re1 Rxc3 32. Nd4 Kg8 33. Be3
Ne5 34. b5 Bc5 35. Nf5 Bxe3 36. Nxe3 Rb3 37. Nd5 Rxb5 38. Nxc7 Rb2 39. Nd5 Nd3
40. Rf1 Kf7 41. Ne3 Ke6 42. Nd1 Re2 43. h3 Kd5 0-1